000 01064nam a2200265Ia 4500
003 OSt
005 20221005104118.0
006 a|||||r|||| 00| 0
007 ta
008 221004b |||||||| |||| 00| 0 hin d
020 _a8128815555 (pbk)
024 _a26926
037 _bGift, 13/05/2016,
_cTextual
040 _aCRL
_cCRL
_bhin
041 _2hin
_ahin
082 _aY15-49:7:7.2, 152P7
100 _aगोस्वामी, सीमा
245 0 _aमहिलाएं बुलंदी की ओर
_b कैरियर की उॅंचाइयों तक कैसे पहुॅंचे
246 _aMahilāean bulandī kī ora: kairiyar kī uॅanchāiyoan tak kaise pahuॅanche
260 _aदिल्ली
_bडायमंड बुक्स भारत
_c2007
300 _a155पृ0
_ccm.
650 _aभारतीय-लोक साहित्य
942 _hY15-49:7:7.2, 152P7
_cTEXL
_2cc
999 _c1011745
_d1011745